Statystyki dla Kształty państw do góry nogami #1

Kliknij tutaj aby rozwiązać quiz!

Ogólne statystyki

  • Ten quiz został rozwiązany 167 razy
  • Średni wynik to 12 z 14

Statystyki odpowiedzi

Odpowiedź% Poprawnych
Grecja
95%
Chile
92%
Japonia
92%
Polska
92%
Włochy
92%
Islandia
89%
Stany Zjednoczone
89%
Indie
87%
Południowa Afryka
85%
Maroko
83%
Holandia
79%
Gambia
71%
Bangladesz
68%
Kolumbia
53%

Rozkład punktacji

Percentyl według liczby udzielonych odpowiedzi

Procent ludzi z każdym wynikiem

Twoja historia wyników

Nie rozwiązałeś tego quizu